[Event "Eliminacje Strefowe do MPJ WP+ZP - C-13"]
[Site "Skorzecin"]
[Date "2018.09.24"]
[Round "1.1"]
[White "Mozdzanowski, Filip"]
[Black "Luczak, Filip"]
[Result "0-1"]
[BlackElo "2095"]
[WhiteElo "1474"]
[LiveChessVersion "1.4.8"]

1. c4 {[%clk 1:30:57]} Nf6 {[%clk 1:30:51]} 2. Nc3 {[%clk 1:31:17]} e5
{[%clk 1:31:00]} 3. g3 {[%clk 1:31:33]} c6 {[%clk 1:31:20]} 4. Bg2
{[%clk 1:29:55]} Bc5 {[%clk 1:26:20]} 5. Qa4 {[%clk 1:21:18]} O-O
{[%clk 1:24:15]} 6. b4 {[%clk 1:19:44]} Be7 {[%clk 1:21:26]} 7. Bb2
{[%clk 1:12:49]} d5 {[%clk 1:18:20]} 8. cxd5 {[%clk 1:00:09]} cxd5
{[%clk 1:18:43]} 9. d3 {[%clk 0:59:38]} a5 {[%clk 1:07:45]} 10. a3
{[%clk 0:46:18]} Be6 {[%clk 1:04:30]} 11. Nf3 {[%clk 0:44:01]} d4
{[%clk 0:56:47]} 12. Ne4 {[%clk 0:40:38]} Nxe4 {[%clk 0:52:31]} 13. dxe4
{[%clk 0:41:02]} Nd7 {[%clk 0:52:09]} 14. Qb5 {[%clk 0:35:38]} axb4
{[%clk 0:51:33]} 15. axb4 {[%clk 0:36:00]} Rxa1+ {[%clk 0:51:46]} 16. Bxa1
{[%clk 0:36:23]} Qa8 {[%clk 0:52:03]} 17. O-O {[%clk 0:36:41]} Qa6
{[%clk 0:52:27]} 18. Qa5 {[%clk 0:26:06]} Qxa5 {[%clk 0:47:42]} 19. bxa5
{[%clk 0:26:31]} Ra8 {[%clk 0:48:06]} 20. Rc1 {[%clk 0:17:14]} Rxa5
{[%clk 0:48:13]} 21. Nd2 {[%clk 0:17:29]} Bb4 {[%clk 0:46:57]} 22. Nf1
{[%clk 0:17:08]} Nc5 {[%clk 0:46:45]} 23. Rb1 {[%clk 0:16:30]} Nb3
{[%clk 0:46:19]} 24. Bb2 {[%clk 0:16:55]} Bc3 {[%clk 0:46:14]} 25. h3
{[%clk 0:16:00]} Ra2 {[%clk 0:45:53]} 26. Bc1 {[%clk 0:16:22]} Nxc1
{[%clk 0:46:00]} 27. Rxc1 {[%clk 0:16:41]} b5 {[%clk 0:46:20]} 28. Rb1
{[%clk 0:15:59]} b4 0-1

[Event "Eliminacje Strefowe do MPJ WP+ZP - C-13"]
[Site "Skorzecin"]
[Date "2018.09.24"]
[Round "1.2"]
[White "Ochedzan, Tymon"]
[Black "Wittych, Maciej"]
[Result "1-0"]
[BlackElo "1398"]
[WhiteElo "1890"]
[LiveChessVersion "1.4.8"]

1. e4 {[%clk 1:30:57]} e6 {[%clk 1:30:52]} 2. d4 {[%clk 1:31:15]} d5
{[%clk 1:31:11]} 3. Nc3 {[%clk 1:31:31]} Bb4 {[%clk 1:31:07]} 4. e5
{[%clk 1:31:29]} Ne7 {[%clk 1:31:04]} 5. a3 {[%clk 1:30:33]} Ba5 {[%clk 1:30:55]}
6. b4 {[%clk 1:23:19]} Bb6 {[%clk 1:31:01]} 7. Na4 {[%clk 1:22:03]} Nf5
{[%clk 1:30:17]} 8. c3 {[%clk 1:20:40]} Bd7 {[%clk 1:28:34]} 9. Nxb6
{[%clk 1:17:14]} cxb6 {[%clk 1:28:14]} 10. Bd3 {[%clk 1:16:03]} Nc6
{[%clk 1:27:28]} 11. Qg4 {[%clk 1:13:18]} Nce7 {[%clk 1:26:50]} 12. Bg5
{[%clk 1:10:42]} O-O {[%clk 1:26:01]} 13. Ne2 {[%clk 1:08:55]} h6
{[%clk 1:23:24]} 14. Bd2 {[%clk 1:01:05]} Rc8 {[%clk 1:21:03]} 15. Ng3
{[%clk 0:59:54]} f6 {[%clk 1:19:38]} 16. exf6 {[%clk 0:53:03]} Rxf6
{[%clk 1:19:06]} 17. O-O {[%clk 0:52:32]} e5 {[%clk 1:13:01]} 18. dxe5
{[%clk 0:48:52]} Rg6 {[%clk 1:11:17]} 19. Qf3 {[%clk 0:44:06]} Nxg3
{[%clk 1:08:31]} 20. fxg3 {[%clk 0:42:08]} Re6 {[%clk 1:08:00]} 21. Qf7+
{[%clk 0:41:04]} Kh8 {[%clk 1:08:17]} 22. Rae1 {[%clk 0:40:19]} Nc6
{[%clk 1:07:46]} 23. Bf5 {[%clk 0:36:24]} Re7 {[%clk 1:07:12]} 24. Qg6
{[%clk 0:33:24]} Rxe5 {[%clk 1:06:41]} 25. Qh7# {[%clk 0:33:44]} 1-0

[Event "Eliminacje Strefowe do MPJ WP+ZP - C-13"]
[Site "Skorzecin"]
[Date "2018.09.24"]
[Round "1.3"]
[White "Katny, Samuel"]
[Black "Wojdak, Jan"]
[Result "1-0"]
[BlackElo "1848"]
[WhiteElo "1357"]
[LiveChessVersion "1.4.8"]

1. e4 {[%clk 1:30:59]} c5 {[%clk 1:30:21]} 2. Nf3 {[%clk 1:31:02]} Nc6
{[%clk 1:30:43]} 3. Bc4 {[%clk 1:31:01]} e6 {[%clk 1:30:55]} 4. O-O
{[%clk 1:26:52]} d6 {[%clk 1:31:03]} 5. Nc3 {[%clk 1:25:34]} Nf6 {[%clk 1:31:24]}
6. d3 {[%clk 1:25:44]} Be7 7. Re1 Ne5 {[%clk 1:23:09]} 8. Nxe5 {[%clk 1:17:54]}
dxe5 {[%clk 1:22:56]} 9. Qf3 {[%clk 1:16:19]} Nd7 {[%clk 1:11:34]} 10. Qg3
{[%clk 1:05:53]} Bf6 {[%clk 1:11:53]} 11. Rf1 {[%clk 1:02:30]} a6
{[%clk 1:09:21]} 12. f4 {[%clk 0:59:51]} b5 {[%clk 1:08:43]} 13. Bb3
{[%clk 0:52:51]} Qc7 {[%clk 0:52:44]} 14. f5 {[%clk 0:49:44]} c4 {[%clk 0:47:38]}
15. fxe6 {[%clk 0:46:47]} fxe6 {[%clk 0:47:41]} 16. dxc4 {[%clk 0:46:52]} bxc4
{[%clk 0:48:02]} 17. Ba4 {[%clk 0:47:14]} O-O {[%clk 0:47:42]} 18. Bh6
{[%clk 0:44:30]} Kh8 {[%clk 0:41:57]} 19. Bg5 {[%clk 0:29:13]} Nc5
{[%clk 0:36:13]} 20. Rad1 {[%clk 0:27:06]} Nxa4 {[%clk 0:36:03]} 21. Nxa4
{[%clk 0:27:32]} Bd7 {[%clk 0:33:02]} 22. Qa3 {[%clk 0:26:15]} Bxa4
{[%clk 0:23:34]} 23. Bxf6 {[%clk 0:26:32]} Rxf6 {[%clk 0:18:24]} 24. Rxf6
{[%clk 0:21:17]} gxf6 {[%clk 0:18:50]} 25. Qxa4 Qb6+ {[%clk 0:18:34]} 26. Kh1
{[%clk 0:21:37]} Qb5 {[%clk 0:14:32]} 27. Qa3 {[%clk 0:21:30]} Qb7
{[%clk 0:13:41]} 28. Qf3 {[%clk 0:20:10]} Rf8 {[%clk 0:10:33]} 29. Rd8
{[%clk 0:19:27]} Qe7 {[%clk 0:10:53]} 30. Rxf8+ {[%clk 0:19:42]} Qxf8
{[%clk 0:11:20]} 31. g3 {[%clk 0:19:41]} Qd8 {[%clk 0:09:53]} 32. h4
{[%clk 0:19:09]} Qf8 {[%clk 0:08:54]} 33. Kh2 {[%clk 0:18:50]} Qe7
{[%clk 0:07:54]} 34. Kh3 {[%clk 0:18:39]} Kg7 {[%clk 0:07:52]} 35. Qg4+
{[%clk 0:17:49]} Kf8 {[%clk 0:08:15]} 36. Qf3 {[%clk 0:17:23]} Ke8
{[%clk 0:08:30]} 37. Qh5+ {[%clk 0:16:57]} Kd7 {[%clk 0:08:38]} 38. Qf3
{[%clk 0:17:05]} Kc6 {[%clk 0:08:36]} 39. Qf2 {[%clk 0:15:43]} Qd8
{[%clk 0:05:39]} 40. Qa7 {[%clk 0:14:10]} Qb6 {[%clk 0:05:52]} 41. Qe7
{[%clk 0:14:23]} Qxb2 {[%clk 0:04:04]} 42. Qxe6+ {[%clk 0:14:36]} Kc5
{[%clk 0:04:31]} 43. Qd5+ {[%clk 0:13:56]} Kb4 {[%clk 0:04:54]} 44. Qd2+
{[%clk 0:13:41]} Qc3 {[%clk 0:05:18]} 45. a3+ {[%clk 0:13:59]} 1-0

[Event "Eliminacje Strefowe do MPJ WP+ZP - C-13"]
[Site "Skorzecin"]
[Date "2018.09.24"]
[Round "1.4"]
[White "Jedraszek, Pawel"]
[Black "Rosinski, Filip"]
[Result "1-0"]
[BlackElo "1355"]
[WhiteElo "1613"]
[LiveChessVersion "1.4.8"]

1. e4 {[%clk 1:30:58]} c5 {[%clk 1:30:55]} 2. Nf3 {[%clk 1:31:23]} d6
{[%clk 1:31:16]} 3. d4 {[%clk 1:31:49]} cxd4 {[%clk 1:31:38]} 4. Nxd4
{[%clk 1:32:15]} Nf6 {[%clk 1:32:00]} 5. Nc3 {[%clk 1:32:30]} a6 {[%clk 1:32:20]}
6. Bg5 {[%clk 1:32:32]} e6 {[%clk 1:32:40]} 7. f4 {[%clk 1:32:35]} Be7
{[%clk 1:32:42]} 8. Qf3 {[%clk 1:31:59]} O-O {[%clk 1:32:48]} 9. O-O-O
{[%clk 1:30:34]} Nbd7 {[%clk 1:32:40]} 10. g4 {[%clk 1:29:56]} Qc7
{[%clk 1:32:37]} 11. h4 {[%clk 1:29:04]} b5 {[%clk 1:31:52]} 12. Bxf6
{[%clk 1:27:40]} Bxf6 {[%clk 1:31:29]} 13. g5 {[%clk 1:26:33]} Be7
{[%clk 1:31:03]} 14. h5 {[%clk 1:24:44]} e5 {[%clk 1:28:43]} 15. Nd5
{[%clk 1:24:40]} Qb7 {[%clk 1:26:38]} 16. Nxe7+ {[%clk 1:25:03]} Kh8
{[%clk 1:27:06]} 17. Nb3 {[%clk 1:22:27]} Qb6 {[%clk 1:26:25]} 18. f5
{[%clk 1:19:48]} Nc5 {[%clk 1:24:13]} 19. Nxc5 {[%clk 1:19:27]} Qxc5
{[%clk 1:24:27]} 20. f6 {[%clk 1:19:31]} Rg8 {[%clk 1:22:36]} 21. fxg7+
{[%clk 1:18:45]} Kxg7 {[%clk 1:22:28]} 22. Nxg8 {[%clk 1:17:48]} Kxg8
{[%clk 1:22:49]} 23. g6 {[%clk 1:18:10]} Be6 {[%clk 1:22:45]} 24. gxf7+
{[%clk 1:17:52]} Bxf7 {[%clk 1:23:04]} 25. Bh3 {[%clk 1:17:31]} Ra7
{[%clk 1:22:56]} 26. Rhg1+ {[%clk 1:17:09]} Kf8 {[%clk 1:22:59]} 27. Rg2
{[%clk 1:13:12]} Qc4 {[%clk 1:22:48]} 28. Qd3 {[%clk 1:12:40]} Qxa2
{[%clk 1:22:34]} 29. Qxd6+ {[%clk 1:13:00]} Re7 {[%clk 1:22:55]} 30. Qa3
{[%clk 1:12:45]} Qc4 {[%clk 1:22:47]} 31. Rd8+ {[%clk 1:12:49]} Be8
{[%clk 1:22:47]} 32. Rf2+ {[%clk 1:13:02]} Kg8 {[%clk 1:22:45]} 33. Qxe7
{[%clk 1:13:09]} Qc6 {[%clk 1:22:53]} 34. Be6+ {[%clk 1:13:22]} Qxe6
{[%clk 1:23:12]} 35. Rxe8# {[%clk 1:13:42]} 1-0

[Event "Eliminacje Strefowe do MPJ WP+ZP - C-13"]
[Site "Skorzecin"]
[Date "2018.09.25"]
[Round "2.1"]
[White "Luczak, Filip"]
[Black "Lokaj, Bartlomiej"]
[Result "1-0"]
[BlackElo "1485"]
[WhiteElo "2095"]
[LiveChessVersion "1.4.8"]

1. Nf3 {[%clk 1:30:45]} d5 {[%clk 1:30:33]} 2. g3 {[%clk 1:30:43]} Nf6
{[%clk 1:30:48]} 3. Bg2 {[%clk 1:31:08]} c6 {[%clk 1:30:56]} 4. O-O
{[%clk 1:31:19]} Bg4 {[%clk 1:31:20]} 5. d3 {[%clk 1:31:02]} Nbd7
{[%clk 1:30:37]} 6. Nbd2 {[%clk 1:31:07]} e6 {[%clk 1:30:28]} 7. h3
{[%clk 1:31:00]} Bxf3 {[%clk 1:27:47]} 8. Nxf3 {[%clk 1:30:34]} Be7
{[%clk 1:27:31]} 9. Re1 {[%clk 1:29:20]} O-O {[%clk 1:26:12]} 10. b3
{[%clk 1:28:36]} Rc8 {[%clk 1:21:52]} 11. Bb2 {[%clk 1:27:25]} b6
{[%clk 1:20:26]} 12. e4 {[%clk 1:24:45]} Qc7 {[%clk 1:19:40]} 13. e5
{[%clk 1:22:46]} Ne8 {[%clk 1:20:02]} 14. c4 {[%clk 1:21:47]} Qb8
{[%clk 1:19:48]} 15. a3 {[%clk 1:18:45]} Nc7 {[%clk 1:18:08]} 16. Nd4
{[%clk 1:16:17]} Na8 {[%clk 1:13:15]} 17. cxd5 {[%clk 1:11:55]} cxd5
{[%clk 1:12:20]} 18. b4 {[%clk 1:08:24]} b5 {[%clk 1:09:46]} 19. f4
{[%clk 1:04:34]} Qb6 {[%clk 1:07:57]} 20. Kh2 {[%clk 1:03:53]} Nc7
{[%clk 1:02:26]} 21. f5 {[%clk 1:02:05]} Nxe5 {[%clk 1:01:32]} 22. fxe6
{[%clk 0:58:13]} fxe6 {[%clk 1:01:03]} 23. Rxe5 {[%clk 0:56:09]} Bf6
{[%clk 1:01:08]} 24. Qe2 {[%clk 0:55:26]} Bxe5 {[%clk 1:00:16]} 25. Qxe5
{[%clk 0:55:45]} Rf2 {[%clk 0:58:58]} 26. Nf5 {[%clk 0:53:17]} Ne8
{[%clk 0:55:01]} 27. Ne7+ {[%clk 0:53:30]} Kf7 {[%clk 0:55:25]} 28. Nxc8
{[%clk 0:53:41]} Qc6 {[%clk 0:55:40]} 29. Rc1 {[%clk 0:53:50]} Qd7
{[%clk 0:53:37]} 30. Qd4 {[%clk 0:52:35]} Rf5 {[%clk 0:48:34]} 31. Qxa7
{[%clk 0:52:32]} Qxa7 {[%clk 0:47:03]} 32. Nxa7 {[%clk 0:53:00]} Rf2
{[%clk 0:47:18]} 33. Rf1 {[%clk 0:53:28]} 1-0

[Event "Eliminacje Strefowe do MPJ WP+ZP - C-13"]
[Site "Skorzecin"]
[Date "2018.09.25"]
[Round "2.2"]
[White "Katny, Samuel"]
[Black "Ochedzan, Tymon"]
[Result "0-1"]
[BlackElo "1890"]
[WhiteElo "1357"]
[LiveChessVersion "1.4.8"]

1. e4 {[%clk 1:30:57]} c5 {[%clk 1:30:55]} 2. Nf3 {[%clk 1:31:09]} d6
{[%clk 1:31:16]} 3. Bc4 {[%clk 1:29:58]} Nf6 {[%clk 1:29:33]} 4. d3
{[%clk 1:30:13]} Nc6 {[%clk 1:28:03]} 5. Nc3 {[%clk 1:30:22]} e6 {[%clk 1:26:27]}
6. O-O {[%clk 1:30:18]} Be7 {[%clk 1:25:03]} 7. d4 {[%clk 1:24:29]} cxd4
{[%clk 1:19:23]} 8. Nxd4 {[%clk 1:24:42]} O-O {[%clk 1:16:53]} 9. Nxc6
{[%clk 1:22:38]} bxc6 {[%clk 1:17:15]} 10. Qf3 {[%clk 1:14:45]} Qc7
{[%clk 1:14:23]} 11. Qg3 {[%clk 1:11:39]} Kh8 {[%clk 1:12:10]} 12. Bd3
{[%clk 1:09:39]} c5 {[%clk 1:06:30]} 13. b3 {[%clk 1:09:37]} a6 {[%clk 0:59:24]}
14. Ne2 {[%clk 1:00:12]} Bb7 {[%clk 0:57:04]} 15. f3 {[%clk 0:59:19]} Nd7
{[%clk 0:54:57]} 16. Qh3 {[%clk 0:57:55]} Ne5 {[%clk 0:53:40]} 17. f4
{[%clk 0:49:27]} Nxd3 {[%clk 0:52:57]} 18. cxd3 {[%clk 0:49:00]} Bf6
{[%clk 0:52:33]} 19. Rb1 {[%clk 0:48:20]} a5 {[%clk 0:47:11]} 20. f5
{[%clk 0:47:42]} exf5 {[%clk 0:45:58]} 21. Rxf5 {[%clk 0:37:56]} Bc8
{[%clk 0:42:16]} 22. Nf4 {[%clk 0:30:09]} Bxf5 {[%clk 0:41:51]} 23. Qxf5
{[%clk 0:30:00]} Qc8 {[%clk 0:39:29]} 24. Qh5 {[%clk 0:28:35]} Bd4+ 25. Kh1
{[%clk 0:27:48]} g6 {[%clk 0:38:14]} 26. Qg5 {[%clk 0:25:35]} Qd8
{[%clk 0:32:31]} 27. Qg4 {[%clk 0:25:42]} Qf6 {[%clk 0:31:30]} 28. Bd2
{[%clk 0:24:41]} Qe5 {[%clk 0:30:31]} 29. Nd5 {[%clk 0:23:52]} f5 30. Qh4 fxe4
{[%clk 0:29:42]} 31. dxe4 {[%clk 0:24:07]} Rae8 {[%clk 0:29:05]} 32. g3
{[%clk 0:19:55]} Rf2 {[%clk 0:27:27]} 33. Bxa5 {[%clk 0:19:31]} Qxe4+
{[%clk 0:25:27]} 34. Qxe4 {[%clk 0:19:29]} Rxe4 {[%clk 0:25:53]} 35. Nf4
{[%clk 0:19:29]} g5 {[%clk 0:25:44]} 36. Nh3 {[%clk 0:17:37]} Rxa2 37. Re1
{[%clk 0:17:39]} Rxe1+ {[%clk 0:25:57]} 38. Bxe1 {[%clk 0:18:07]} Ra1
{[%clk 0:26:20]} 39. Nxg5 {[%clk 0:17:10]} Rxe1+ {[%clk 0:26:46]} 40. Kg2
{[%clk 0:17:32]} Kg7 {[%clk 0:26:59]} 41. Kf3 {[%clk 0:17:26]} Kg6
{[%clk 0:27:04]} 42. Ne4 {[%clk 0:17:46]} d5 {[%clk 0:27:18]} 43. Nd6
{[%clk 0:17:30]} Re3+ {[%clk 0:27:40]} 44. Kf4 {[%clk 0:17:32]} Rxb3
{[%clk 0:28:03]} 45. h4 {[%clk 0:17:47]} c4 {[%clk 0:28:12]} 46. g4
{[%clk 0:17:55]} c3 {[%clk 0:28:00]} 47. h5+ {[%clk 0:17:57]} Kf6
{[%clk 0:27:57]} 48. g5+ {[%clk 0:17:40]} Ke6 {[%clk 0:28:17]} 49. Nf5
{[%clk 0:17:51]} Be5+ {[%clk 0:28:42]} 50. Kg4 {[%clk 0:12:57]} Rb4+
{[%clk 0:29:04]} 51. Kf3 {[%clk 0:12:41]} Kxf5 {[%clk 0:29:30]} 52. g6
{[%clk 0:12:51]} hxg6 {[%clk 0:29:55]} 53. hxg6 {[%clk 0:13:08]} Kxg6
{[%clk 0:30:22]} 54. Ke2 {[%clk 0:11:35]} c2 {[%clk 0:30:46]} 55. Kd2
{[%clk 0:11:48]} Rc4 {[%clk 0:31:10]} 56. Kd3 {[%clk 0:11:12]} c1=Q
{[%clk 0:31:22]} 57. Ke2 {[%clk 0:11:34]} Rc2+ {[%clk 0:31:36]} 58. Kf3
{[%clk 0:11:28]} Qf4# {[%clk 0:32:01]} 0-1

[Event "Eliminacje Strefowe do MPJ WP+ZP - C-13"]
[Site "Skorzecin"]
[Date "2018.09.25"]
[Round "2.3"]
[White "Lakowski, Filip"]
[Black "Jedraszek, Pawel"]
[Result "1/2-1/2"]
[BlackElo "1613"]
[WhiteElo "1195"]
[LiveChessVersion "1.4.8"]

1. e4 {[%clk 1:30:59]} c5 {[%clk 1:30:55]} 2. c3 {[%clk 1:31:26]} d5
{[%clk 1:29:33]} 3. exd5 {[%clk 1:31:47]} Qxd5 {[%clk 1:29:57]} 4. d4
{[%clk 1:32:10]} cxd4 {[%clk 1:29:25]} 5. cxd4 {[%clk 1:32:34]} Nc6
{[%clk 1:29:07]} 6. Nf3 {[%clk 1:31:59]} Bg4 {[%clk 1:27:47]} 7. Be2
{[%clk 1:32:21]} e6 {[%clk 1:27:30]} 8. O-O {[%clk 1:31:55]} Nf6 {[%clk 1:27:36]}
9. h3 {[%clk 1:32:18]} Bh5 {[%clk 1:27:42]} 10. Be3 {[%clk 1:32:37]} Be7
{[%clk 1:26:59]} 11. Nc3 {[%clk 1:33:03]} Qd8 {[%clk 1:26:22]} 12. Qb3
{[%clk 1:33:04]} O-O {[%clk 1:19:03]} 13. Qxb7 {[%clk 1:23:56]} Nb4
{[%clk 1:17:44]} 14. Qb5 {[%clk 1:13:06]} a5 {[%clk 1:14:10]} 15. Qa4
{[%clk 1:09:10]} Bg6 {[%clk 1:13:47]} 16. Rac1 {[%clk 1:06:18]} Rb8
{[%clk 1:11:51]} 17. Qd1 {[%clk 1:03:45]} Nbd5 {[%clk 1:10:47]} 18. Nxd5
{[%clk 1:03:37]} Nxd5 {[%clk 1:11:09]} 19. Qd2 {[%clk 1:02:00]} Qb6 20. Ne5
{[%clk 0:55:43]} Nxe3 {[%clk 1:02:42]} 21. fxe3 {[%clk 0:53:49]} Qxb2
{[%clk 1:02:44]} 22. Qxb2 {[%clk 0:52:46]} Rxb2 {[%clk 1:03:05]} 23. Nxg6
{[%clk 0:52:50]} hxg6 {[%clk 1:03:23]} 24. Bc4 {[%clk 0:53:07]} Bb4
{[%clk 1:01:51]} 25. e4 {[%clk 0:48:27]} Bd2 {[%clk 1:00:38]} 26. Rcd1
{[%clk 0:48:40]} Rc8 {[%clk 1:00:01]} 27. Bb3 {[%clk 0:47:33]} a4
{[%clk 0:57:05]} 28. Bxa4 {[%clk 0:47:15]} Rxa2 {[%clk 0:57:20]} 29. Kh1
{[%clk 0:44:45]} Be3 {[%clk 0:56:40]} 30. Rfe1 {[%clk 0:24:32]} Bf2
{[%clk 0:54:19]} 31. Rf1 {[%clk 0:24:02]} Ra8 {[%clk 0:45:18]} 32. Bc6
{[%clk 0:23:55]} Rc8 {[%clk 0:43:26]} 33. d5 {[%clk 0:24:10]} exd5
{[%clk 0:36:03]} 34. exd5 {[%clk 0:24:34]} Bg3 {[%clk 0:35:07]} 35. Rb1
{[%clk 0:18:41]} Ra7 {[%clk 0:33:22]} 36. Rb6 {[%clk 0:17:28]} Bc7
{[%clk 0:32:18]} 37. Rbb1 {[%clk 0:17:34]} Bg3 {[%clk 0:32:16]} 38. Rfd1
{[%clk 0:16:40]} Rd8 {[%clk 0:32:18]} 39. Rb3 {[%clk 0:15:20]} Bd6
{[%clk 0:32:25]} 40. Rb6 {[%clk 0:15:13]} 1/2-1/2

[Event "Eliminacje Strefowe do MPJ WP+ZP - C-13"]
[Site "Skorzecin"]
[Date "2018.09.25"]
[Round "2.4"]
[White "Stachecki, Mikolaj"]
[Black "Ullrich, Karol"]
[Result "1/2-1/2"]
[BlackElo "1330"]
[WhiteElo "1482"]
[LiveChessVersion "1.4.8"]

1. e4 {[%clk 1:28:32]} c6 {[%clk 1:30:50]} 2. d4 {[%clk 1:28:54]} d5
{[%clk 1:31:16]} 3. e5 {[%clk 1:29:19]} Bf5 {[%clk 1:31:40]} 4. h4
{[%clk 1:29:44]} h6 {[%clk 1:31:41]} 5. g4 {[%clk 1:30:06]} Bh7 {[%clk 1:32:04]}
6. e6 {[%clk 1:15:42]} Qd6 {[%clk 1:25:00]} 7. exf7+ {[%clk 1:14:20]} Kxf7
{[%clk 1:25:24]} 8. Be2 {[%clk 1:02:46]} e5 {[%clk 1:22:40]} 9. Be3
{[%clk 0:54:28]} e4 {[%clk 1:21:26]} 10. Qd2 {[%clk 0:53:10]} Be7
{[%clk 1:19:28]} 11. g5 {[%clk 0:52:31]} Bf5 {[%clk 1:19:26]} 12. c3
{[%clk 0:32:33]} hxg5 {[%clk 1:17:36]} 13. Bxg5 {[%clk 0:32:56]} Bxg5
{[%clk 1:18:02]} 14. Qxg5 {[%clk 0:33:19]} Qf6 {[%clk 1:18:00]} 15. Qg3
{[%clk 0:29:11]} Na6 {[%clk 1:17:54]} 16. Nd2 {[%clk 0:25:11]} Ne7
{[%clk 1:15:56]} 17. h5 {[%clk 0:20:05]} g6 {[%clk 1:14:59]} 18. hxg6+
{[%clk 0:20:29]} Qxg6 {[%clk 1:14:38]} 19. Qxg6+ {[%clk 0:18:27]} Nxg6
{[%clk 1:14:43]} 20. Rh5 {[%clk 0:16:52]} Rxh5 {[%clk 1:14:38]} 21. Bxh5
{[%clk 0:17:17]} Rh8 {[%clk 1:15:04]} 22. Bxg6+ {[%clk 0:17:31]} Kxg6
{[%clk 1:14:16]} 23. O-O-O {[%clk 0:16:18]} Rh2 {[%clk 1:13:56]} 24. Rf1
{[%clk 0:16:10]} c5 {[%clk 1:13:45]} 25. a3 {[%clk 0:15:36]} c4 {[%clk 1:13:50]}
26. Kd1 {[%clk 0:15:14]} Nc7 {[%clk 1:12:39]} 27. Ke1 {[%clk 0:15:11]} Ne6
{[%clk 1:12:01]} 28. Ne2 {[%clk 0:14:56]} Bg4 {[%clk 1:10:18]} 29. f3
{[%clk 0:13:35]} exf3 {[%clk 1:09:16]} 30. Nxf3 {[%clk 0:13:52]} Bxf3
{[%clk 1:07:43]} 31. Rxf3 {[%clk 0:13:29]} Rh8 {[%clk 1:06:33]} 32. Nf4+
{[%clk 0:13:21]} Nxf4 {[%clk 1:06:46]} 33. Rxf4 {[%clk 0:13:46]} Rh2
{[%clk 1:06:20]} 34. Rf2 {[%clk 0:13:35]} Rxf2 {[%clk 1:04:58]} 35. Kxf2
{[%clk 0:13:59]} Kf5 {[%clk 1:05:26]} 36. Kf3 {[%clk 0:10:28]} a6
{[%clk 1:04:29]} 37. Kf2 {[%clk 0:10:42]} Kf4 {[%clk 1:04:08]} 38. Ke2
{[%clk 0:11:03]} Ke4 {[%clk 1:03:59]} 39. Kd2 {[%clk 0:11:18]} Kf3
{[%clk 1:03:25]} 40. Kd1 {[%clk 0:11:38]} Ke3 {[%clk 1:03:44]} 41. Ke1
{[%clk 0:11:28]} Kd3 {[%clk 1:03:40]} 42. Kd1 {[%clk 0:11:54]} b6
{[%clk 1:03:14]} 43. Kc1 {[%clk 0:12:21]} b5 {[%clk 1:03:21]} 44. Kd1
{[%clk 0:12:47]} a5 {[%clk 1:03:43]} 45. Kc1 {[%clk 0:13:13]} 1/2-1/2

[Event "Eliminacje Strefowe do MPJ WP+ZP - C-13"]
[Site "Skorzecin"]
[Date "2018.09.25"]
[Round "3.1"]
[White "Ochedzan, Tymon"]
[Black "Luczak, Filip"]
[Result "1/2-1/2"]
[BlackElo "2095"]
[WhiteElo "1890"]
[LiveChessVersion "1.4.8"]

1. e4 {[%clk 1:30:57]} c5 {[%clk 1:30:51]} 2. Nf3 {[%clk 1:31:21]} e6
{[%clk 1:31:10]} 3. d4 {[%clk 1:31:44]} cxd4 {[%clk 1:31:39]} 4. Nxd4
{[%clk 1:32:08]} Nf6 {[%clk 1:32:04]} 5. Nc3 {[%clk 1:31:40]} Nc6
{[%clk 1:32:28]} 6. Ndb5 {[%clk 1:30:07]} Bb4 {[%clk 1:32:38]} 7. a3
{[%clk 1:27:25]} Bxc3+ {[%clk 1:33:00]} 8. Nxc3 {[%clk 1:27:44]} d5
{[%clk 1:33:24]} 9. exd5 {[%clk 1:25:28]} exd5 {[%clk 1:33:53]} 10. Bg5
{[%clk 1:21:54]} d4 {[%clk 1:27:16]} 11. Qe2+ {[%clk 1:17:59]} Be6
{[%clk 1:24:41]} 12. O-O-O {[%clk 1:15:18]} h6 {[%clk 1:17:24]} 13. Bh4
{[%clk 1:11:35]} Qd6 {[%clk 0:58:15]} 14. Bxf6 {[%clk 1:07:29]} Qf4+
{[%clk 0:58:15]} 15. Kb1 {[%clk 1:06:04]} Qxf6 {[%clk 0:58:29]} 16. Nd5
{[%clk 1:01:47]} Qd8 {[%clk 0:57:20]} 17. Nf4 {[%clk 1:00:28]} Qd6
{[%clk 0:55:27]} 18. Nxe6 {[%clk 0:59:07]} Qxe6 {[%clk 0:55:46]} 19. Qxe6+
{[%clk 0:58:32]} fxe6 {[%clk 0:56:15]} 20. Bb5 {[%clk 0:57:35]} O-O-O
{[%clk 0:56:01]} 21. Rhe1 {[%clk 0:56:40]} Rhe8 {[%clk 0:51:44]} 22. f4
{[%clk 0:55:49]} Rd5 {[%clk 0:45:46]} 23. Bxc6 {[%clk 0:50:47]} bxc6
{[%clk 0:46:05]} 24. b4 {[%clk 0:49:29]} Rd6 {[%clk 0:39:53]} 25. Kb2
{[%clk 0:47:23]} Red8 {[%clk 0:39:20]} 26. Rd3 {[%clk 0:43:34]} g5
{[%clk 0:25:15]} 27. g3 {[%clk 0:37:33]} Rg8 {[%clk 0:19:32]} 28. Red1
{[%clk 0:30:27]} gxf4 {[%clk 0:18:08]} 29. gxf4 {[%clk 0:30:51]} Kc7
{[%clk 0:16:32]} 30. h3 {[%clk 0:27:45]} Rg2 {[%clk 0:14:38]} 31. R1d2
{[%clk 0:22:05]} Rg1 {[%clk 0:14:43]} 32. Rf3 {[%clk 0:21:14]} Re1
{[%clk 0:12:53]} 33. Kb3 {[%clk 0:21:03]} e5 {[%clk 0:09:50]} 34. fxe5
{[%clk 0:18:20]} Rxe5 {[%clk 0:10:12]} 35. Rf4 {[%clk 0:14:20]} d3
{[%clk 0:08:44]} 36. Rf7+ {[%clk 0:14:18]} Kb6 {[%clk 0:06:20]} 37. Rxd3
{[%clk 0:14:38]} Rxd3+ {[%clk 0:06:10]} 38. cxd3 {[%clk 0:15:16]} Re3
{[%clk 0:04:19]} 39. Kc4 Rxh3 40. a4 {[%clk 0:14:35]} a5 {[%clk 0:04:05]} 41. b5
{[%clk 0:13:03]} cxb5+ {[%clk 0:03:57]} 42. axb5 {[%clk 0:13:26]} Rh1
{[%clk 0:03:59]} 43. Rf6+ {[%clk 0:13:22]} Kb7 {[%clk 0:04:12]} 44. Ra6
{[%clk 0:12:54]} Rc1+ {[%clk 0:03:02]} 45. Kd5 {[%clk 0:12:28]} h5
{[%clk 0:02:57]} 46. Rxa5 {[%clk 0:11:28]} Rc7 {[%clk 0:02:14]} 47. Ra4
{[%clk 0:10:36]} Rd7+ {[%clk 0:02:04]} 48. Kc5 {[%clk 0:10:49]} Rxd3
{[%clk 0:02:10]} 49. Rh4 {[%clk 0:11:15]} Rc3+ {[%clk 0:02:03]} 50. Kb4
{[%clk 0:11:34]} Rc7 {[%clk 0:02:22]} 51. Rxh5 {[%clk 0:11:56]} Rd7
{[%clk 0:02:46]} 52. Rh6 {[%clk 0:12:12]} Re7 {[%clk 0:03:03]} 53. Ka5
{[%clk 0:12:28]} Rf7 {[%clk 0:03:23]} 54. Rb6+ {[%clk 0:12:38]} Ka7
{[%clk 0:03:43]} 55. Rh6 {[%clk 0:12:57]} Kb7 {[%clk 0:04:05]} 1/2-1/2